Statistics for All Democratic Nominees For President

Click here to take the quiz!

General Stats

  • This quiz has been taken 12 times
    (9 since last reset)
  • The average score is 40 of 49

Answer Stats

QuestionAnswer% Correct
1828Andrew Jackson
100%
1952Adlai Stevenson II
86%
1956Adlai Stevenson II
86%
2000Al Gore
86%
1928Al Smith
86%
1904Alton B. Parker
86%
1832Andrew Jackson
86%
2012Barack Obama
86%
2008Barack Obama
86%
1996Bill Clinton
86%
1992Bill Clinton
86%
1936Franklin D. Roosevelt
86%
1932Franklin D. Roosevelt
86%
1940Franklin D. Roosevelt
86%
1944Franklin D. Roosevelt
86%
1852Franklin Pierce
86%
1864George B. McClellan
86%
1972George McGovern
86%
1888Grover Cleveland
86%
1892Grover Cleveland
86%
1884Grover Cleveland
86%
1948Harry S. Truman
86%
2016Hillary Clinton
86%
1868Horatio Seymour
86%
1968Hubert Humphrey
86%
1856James Buchanan
86%
1920James M. Cox
86%
1976Jimmy Carter
86%
1980Jimmy Carter
86%
2020Joe Biden
86%
1960John F. Kennedy
86%
2004John Kerry
86%
1964Lyndon B. Johnson
86%
1836Martin Van Buren
86%
1840Martin Van Buren
86%
1988Michael Dukakis
86%
1876Samuel J. Tilden
86%
1984Walter Mondale
86%
1908William Jennings Bryan
86%
1900William Jennings Bryan
86%
1896William Jennings Bryan
86%
1916Woodrow Wilson
86%
1912Woodrow Wilson
86%
1844James K. Polk
71%
1924John Davis
71%
1880Winfield Scott Hancock
71%
1860Stephen A. Douglas
57%
1872None
43%
1848Lewis Cass
29%

Score Distribution

Percentile by Number Answered

Percent of People with Each Score

Your Score History

You have not taken this quiz since the last reset